Từ điển toán học thông dụng
Đã lưu trong:
| Tác giả chính: | |
|---|---|
| Tác giả khác: | , |
| Định dạng: | Sách |
| Được phát hành: |
H.
Giáo dục
2001
|
| Những chủ đề: | |
| Các nhãn: |
Thêm thẻ
Không có thẻ, Là người đầu tiên thẻ bản ghi này!
|
| Thư viện lưu trữ: | Trung tâm Học liệu Lê Vũ Hùng, Trường Đại học Đồng Tháp |
|---|
| LEADER | 00760pam a22002298a 4500 | ||
|---|---|---|---|
| 001 | 00020234 | ||
| 005 | 20171026081025.0 | ||
| 008 | 110513s2001 ||||||Viesd | ||
| 041 | 0 | # | |a Vie |
| 082 | 1 | 4 | |a 510.3 |b T550Đ |
| 100 | 0 | # | |a Ngô Trúc Lanh |e chủ biên |
| 245 | 0 | 0 | |a Từ điển toán học thông dụng |c Ngô Trúc Lanh, Đoàn Quỳnh, Nguyễn Đình Trí |
| 260 | # | # | |a H. |b Giáo dục |c 2001 |
| 300 | # | # | |a 663 tr. |c 24 cm. |
| 650 | # | 4 | |a Toán học |
| 650 | # | 4 | |a Từ điển |
| 700 | 0 | # | |a Nguyễn Đình Trí |
| 700 | 0 | # | |a Đoàn Quỳnh |
| 852 | # | # | |j KD.0005584 |
| 852 | # | # | |j KD.0005584 |b Kho đọc |
| 910 | 0 | # | |a nhnam |d 13/05/2011 |
| 980 | # | # | |a Trung tâm Học liệu Lê Vũ Hùng, Trường Đại học Đồng Tháp |